000 00298nam a22001337a 4500
008 170413b xxu||||| |||| 00| 0 eng d
020 _a9781450877879
041 _aeng
080 _a612.39
100 _a10
101 _aSHM
245 _a101 BEST SMOOTHIES & JUICES
_cWEBER, L
942 _2udc
_cBK
999 _c10673
_d10673